Music Quiz

Random Music or Album Quiz
Score 0/18 Timer 10:00
0 Plays Today
% Correct
Dirty Deeds Done Dirt Cheap
97.1%
For Those About to Rock We Salute You
90.6%
Highway to Hell
90.4%
Fly on the Wall
90.2%
Who Made Who
89.6%
Rock or Bust
89.3%
Stiff Upper Lip
88.5%
Hells Bells
87.5%
Jailbreak
87.1%
% Correct
Thunderstruck
81.4%
It's a Long Way to the Top (If You Wanna Rock 'n' Roll)
77.3%
Rock 'n' Roll Train
76.6%
Heatseeker
72.5%
Hard as a Rock
72.1%
Rising Power
65.6%
Go Down
63.7%
Riff Raff
61.9%
Rock 'n' Roll Damnation
58.4%
Remove Ads.
Support Sporcle.
Get the best of Sporcle when you Go Orange. This ad-free experience offers more features, more stats, and more fun while also helping to support Sporcle. Thank you for becoming a member.

You're not logged in!

Compare scores with friends on all Sporcle quizzes.
OR
Log In

Show Comments

Extras

Top Quizzes Today


Score Distribution

Your Account Isn't Verified!

In order to create a playlist on Sporcle, you need to verify the email address you used during registration. Go to your Sporcle Settings to finish the process.

Report this User

Report this user for behavior that violates our Community Guidelines.

Details: